Welcome to CU Library Online Public Access Catalogue (OPAC)

TOURIST DEVELOPMENT (Record no. 6017)

MARC details
000 -LEADER
fixed length control field 00399nam a22001577a 4500
005 - DATE AND TIME OF LATEST TRANSACTION
control field 20250528180822.0
008 - FIXED-LENGTH DATA ELEMENTS--GENERAL INFORMATION
fixed length control field 250528b |||||||| |||| 00| 0 eng d
020 ## - INTERNATIONAL STANDARD BOOK NUMBER
International Standard Book Number 9780582014350
050 ## - LIBRARY OF CONGRESS CALL NUMBER
Classification number G155
Item number .AIP36 PEA
100 ## - MAIN ENTRY--PERSONAL NAME
Personal name PEARCE, DUGLAS
245 ## - TITLE STATEMENT
Title TOURIST DEVELOPMENT
250 ## - EDITION STATEMENT
Edition statement 2ND
260 ## - PUBLICATION, DISTRIBUTION, ETC.
Place of publication, distribution, etc. NEW YORK
Name of publisher, distributor, etc. LONGMAN SCIENTIFIC TECHNICAL
Date of publication, distribution, etc. c1992
300 ## - PHYSICAL DESCRIPTION
Extent xv, 341p
942 ## - ADDED ENTRY ELEMENTS (KOHA)
Source of classification or shelving scheme Library of Congress Classification
Koha item type Books
Suppress in OPAC No
999 ## -
-- 6017
-- 6017
Holdings
Withdrawn status Lost status Source of classification or shelving scheme Damaged status Not for loan Collection Home library Current library Shelving location Date acquired Total checkouts Full call number Barcode Date last seen Copy number Price effective from Koha item type
    Library of Congress Classification     Non-fiction Undergraduate Library (Christ Temple) Undergraduate Library (Christ Temple) General stacks 05/28/2025   G155.AIP36 PEA ulct00002702 05/28/2025 1 05/28/2025 Books
© 2023-2024 Copyright: Central University Libraries. All Rights Reserved | Created by: Mahone Tech Office